| 000 | 00794nas a2200265 4500 | ||
|---|---|---|---|
| 001 | BR2010002865 | ||
| 003 | BR-BrBNA | ||
| 005 | 20231205114255.0 | ||
| 007 | ta | ||
| 008 | 230509b bl.|||p| |||| 00| 00por d | ||
| 040 |
_aBR-BrBNA _bpor _cBiblioteca Nacional de Agricultura |
||
| 041 | _a(Pt) | ||
| 072 | _aH60 | ||
| 100 | 1 | _aRodrigues, N.R. | |
| 100 | 1 | _aAndrietta, M.G.S. | |
| 100 | 1 | _aAndrietta, S.R. | |
| 100 | 1 | _aSantos, P.E.R. | |
| 245 | 1 | _aBiodegradação do diclosulam por bactérias isoladas de solos cultivados com soja | |
| 650 | _aSOJA | ||
| 650 | _aHERBICIDA | ||
| 650 | _aBIODEGRADAÇÃO | ||
| 773 | 0 |
_tPlanta Daninha (Brazil) _xISSN 0100-8358 _g(Apr-Jun 2010), v. 28(2) p. 393-400 _wBR2010002865 |
|
| 909 |
_a202311 _bLúcia _c55 _dLúcia Elande |
||
| 942 |
_2AGRIS _n0 _cANA |
||
| 999 |
_c207964 _d207964 |
||